FIFA 23 Quiz - Statistiken

Allgemein
  • Dieses Quiz wurde 1.373 mal gespielt
  • Das Durchschnittsergebnis liegt bei 3 aus 5
Antwortstatistiken
Frage Antwort % Korrekt
Wer hat mehr Tempo? Davies (TOTS)
82%
Wer hat die beste Physis? Seko Fofana (TOTS)
60%
Wer hat das höhere Rating? Thomas Müller (Gold)
47%
Wer hat mehr schießen? Robert Lewandowski (TOTS)
46%
Wer hat mehr Passen? Luka Modric (TOTS)
45%
Keine übereinstimmenden Quizze gefunden
Verteilung der Resultate
Anzahl Personen mit jedem Resultat
Perzentil nach korrekt beantworteten Fragen
Ihre Resultats-Entwicklung
Sie haben dieses Quiz noch nicht gespielt